Občanská nauka pro střední odborná učiliště 3 /

Hlavní autor: Valenta, Milan, 1958-
Jazyk: Čeština
Vydáno: [Olomouc] : Votobia, 2005
Témata:
Fyzický popis: 120 s. : mapy, portréty, erby ; 21 cm
Knihy
Uloženo v:
LEADER 01265nam a2200361 a 4500
001 nkc20051582845
003 CZ PrNK
005 20060309084438.0
007 ta
008 050921s2005 xr bci d p 000 0 cze
015 |a cnb001582845 
020 |a 80-7220-230-8  |q (brož.) 
035 |a (OCoLC)85162749 
040 |a OLA001  |b cze  |d ABA001 
072 7 |a 37  |x Výchova a vzdělávání  |2 Konspekt  |9 22 
072 7 |a 37.016  |x Učební osnovy. Vyučovací předměty. Učebnice  |2 Konspekt  |9 22 
080 |a 37.017.4  |2 MRF 
080 |a (075.3)  |2 MRF 
100 1 |a Valenta, Milan,  |d 1958-  |7 jn20010310214  |4 aut 
245 1 0 |a Občanská nauka pro střední odborná učiliště 3 /  |c Milan Valenta 
246 1 8 |a Občanská nauka pro SOU 3 
260 |a [Olomouc] :  |b Votobia,  |c 2005 
300 |a 120 s. :  |b mapy, portréty, erby ;  |c 21 cm 
521 8 |a Pro tříleté učební obory SOU 
650 0 7 |a občanská výchova  |7 ph115539  |2 czenas 
650 0 9 |a civics  |2 eczenas 
655 7 |a učebnice středních škol  |7 fd133771  |2 czenas 
655 9 |a textbooks (secondary)  |2 eczenas 
910 2 |a BOA001  |b 2-1163.343 
990 |a BK 
995 |a 01 
991 |b 200602  |c NOV 
996 6 |b 2610270331  |c 2-1163.343  |l MZK  |r Sklad / do 1 hodiny  |n 0  |p p.v.  |w 000806001  |u 000010  |a 1  |e BOA001  |j MZK50  |s P